00535nam a2200169 a 450000100100000000500170001000800410002702000180006804000250008608200160011110000250012724500740015226000370022630000270026350000470029050400280033700004703620201002053314.0180412s2015 dr a 000 0 spa d a9789945123302 aDO-SdBNPbspacBNPHU axxxxbR457c1 aReyes Báez, Yanett10aCiencias de la naturaleza 1 :bnivel primario /cYanett Reyes Báez. aSanto Domingo :bSusaeta,c2015. a144 p. :bil ;c29 cm. aEnfoque por competencias nuevo currículo aBibliografía : p. 144